How Japan competes : An assessment of international trading practices with special reference to "Dumping"

Uloženo v:
Podrobná bibliografie
Hlavní autor: Allen, G. C.
Médium: Kniha
Jazyk:Undetermined
Vydáno: Lancing, England Institute of Economic Affairs 1978
Témata:
Tagy: Přidat tag
Žádné tagy, Buďte první, kdo otaguje tento záznam!
Thư viện lưu trữ: Trung tâm Học liệu Trường Đại học Cần Thơ
LEADER 00680nam a2200217Ia 4500
001 CTU_96545
008 210402s9999 xx 000 0 und d
082 |a 382 
082 |b A425 
100 |a Allen, G. C. 
245 0 |a How Japan competes : 
245 3 |b An assessment of international trading practices with special reference to "Dumping" 
245 0 |c G. C. Allen ; With a commentary by Yukihide Okano 
260 |a Lancing, England 
260 |b Institute of Economic Affairs 
260 |c 1978 
650 |a Dumping (International trade),Japan 
650 |x Commerce 
650 |z Japan 
904 |i M.Loan 
980 |a Trung tâm Học liệu Trường Đại học Cần Thơ